| 000 | 00656nam a2200169Ia 4500 | ||
|---|---|---|---|
| 005 | 20250424120337.0 | ||
| 008 | 250424s9999 xx 000 0 und d | ||
| 022 | _a9783604074 | ||
| 050 | _aHC 1000 .A1 W48/ | ||
| 245 | 0 | _aWest African financial and economic review / West African Institute for Financial and Economic Management. | |
| 260 | _aLagos | ||
| 260 | _bWest African Institute for Financial and Economic Management. | ||
| 260 | _c2014 | ||
| 300 | _a1-141 (Others) p. : ill. ; 25 cm. | ||
| 650 | _aFinance--Africa, West--Periodicals. Africa, West--Economic conditions--Periodicals. Africa, West--Economic policy--Periodicals. | ||
| 942 | _cSR | ||
| 999 |
_c38772 _d38772 |
||